[Event "LOTTO Polish Championship"]
[Site "chess24.com"]
[Date "2019.05.17"]
[Round "7"]
[White "Janik, Igor"]
[Black "Gajewski, Grzegorz"]
[Result "1/2-1/2"]
[Board "3"]
[WhiteElo "2469"]
[WhiteTitle "IM"]
[WhiteCountry "POL"]
[WhiteFideId "1159259"]
[WhiteEloChange "2"]
[BlackElo "2613"]
[BlackTitle "GM"]
[BlackCountry "POL"]
[BlackFideId "1116207"]
[BlackEloChange "-2"]

1. d4 {[%clk 1:30:59]} Nf6 {[%clk 1:30:10]} 2. c4 {[%clk 1:31:22]} e6 {[%clk
1:30:37]} 3. Nf3 {[%clk 1:31:46]} d5 {[%clk 1:31:02]} 4. g3 {[%clk 1:32:07]} Bb4+
{[%clk 1:31:26]} 5. Nbd2 {[%clk 1:32:31]} a5 {[%clk 1:30:34]} 6. Bg2 {[%clk
1:30:49]} O-O {[%clk 1:30:53]} 7. O-O {[%clk 1:30:36]} a4 {[%clk 1:30:53]} 8. Qc2
{[%clk 1:28:23]} Nc6 {[%clk 1:29:59]} 9. a3 {[%clk 1:21:37]} Be7 {[%clk 1:30:20]}
10. Rd1 {[%clk 1:15:46]} Bd7 {[%clk 1:28:53]} 11. e4 {[%clk 1:15:48]} h6 {[%clk
1:29:10]} 12. e5 {[%clk 1:07:01]} Nh7 {[%clk 1:29:33]} 13. cxd5 {[%clk 1:06:25]}
exd5 {[%clk 1:29:58]} 14. b4 {[%clk 1:06:04]} axb3 {[%clk 1:25:48]} 15. Qxb3
{[%clk 1:02:56]} Nb4 {[%clk 1:23:54]} 16. Qc3 {[%clk 1:03:18]} Ba4 {[%clk
1:01:05]} 17. Rf1 {[%clk 1:02:30]} Nc6 {[%clk 0:54:32]} 18. h4 {[%clk 0:58:47]}
Na5 {[%clk 0:50:54]} 19. Nh2 {[%clk 0:56:22]} c6 {[%clk 0:35:31]} 20. f4 {[%clk
0:55:33]} f5 {[%clk 0:34:55]} 21. Re1 {[%clk 0:55:02]} b5 {[%clk 0:34:27]} 22.
Nhf1 {[%clk 0:54:59]} h5 {[%clk 0:33:13]} 23. Ne3 {[%clk 0:51:00]} Qb6 {[%clk
0:28:17]} 24. Rb1 {[%clk 0:44:59]} g6 {[%clk 0:26:43]} 25. Ndf1 {[%clk 0:39:11]}
Qd8 {[%clk 0:23:22]} 26. Bh3 {[%clk 0:35:20]} Qd7 {[%clk 0:19:46]} 27. Qd3 {[%clk
0:33:42]} Nc4 {[%clk 0:17:43]} 28. Re2 {[%clk 0:24:02]} Qe6 {[%clk 0:17:15]} 29.
Ra2 {[%clk 0:23:49]} Rad8 {[%clk 0:13:52]} 30. Bd2 {[%clk 0:23:05]} c5 {[%clk
0:13:41]} 31. Bc3 {[%clk 0:21:48]} Nxa3 {[%clk 0:12:19]} 32. Rba1 {[%clk
0:20:12]} b4 {[%clk 0:12:02]} 33. dxc5 {[%clk 0:19:05]} d4 {[%clk 0:12:20]} 34.
Bxb4 {[%clk 0:19:26]} dxe3 {[%clk 0:10:52]} 35. Qxa3 {[%clk 0:19:48]} Bb3 {[%clk
0:10:08]} 36. Re2 {[%clk 0:17:07]} Ra8 {[%clk 0:09:49]} 37. Qxa8 {[%clk 0:16:28]}
Rxa8 {[%clk 0:09:07]} 38. Rxa8+ {[%clk 0:16:52]} Nf8 {[%clk 0:09:33]} 39. Rxe3
{[%clk 0:13:49]} Bd5 {[%clk 0:05:30]} 40. Rb8 {[%clk 0:42:56]} Bc6 {[%clk
0:30:34]} 41. Bg2 {[%clk 0:41:53]} Bxg2 {[%clk 0:31:01]} 42. Kxg2 {[%clk
0:42:16]} Kf7 {[%clk 0:22:54]} 43. Kf2 {[%clk 0:38:19]} Qa2+ {[%clk 0:21:21]} 44.
Re2 {[%clk 0:38:19]} Qa7 {[%clk 0:21:32]} 45. Rb6 {[%clk 0:36:37]} Ne6 {[%clk
0:21:59]} 46. Ne3 {[%clk 0:35:05]} Bxc5 {[%clk 0:20:06]} 47. Bxc5 {[%clk
0:32:38]} Nxc5 {[%clk 0:20:35]} 48. Nd5 {[%clk 0:31:32]} Ne4+ {[%clk 0:10:43]}
49. Rxe4 {[%clk 0:30:22]} fxe4 {[%clk 0:10:36]} 50. e6+ {[%clk 0:30:48]} Kg7
{[%clk 0:11:01]} 51. Ke3 {[%clk 0:30:58]} Qa4 {[%clk 0:08:12]} 52. Rb7+ {[%clk
0:21:31]} Kh6 {[%clk 0:07:48]} 53. Rb4 {[%clk 0:21:36]} Qc6 {[%clk 0:05:55]} 54.
e7 {[%clk 0:20:43]} Qxd5 {[%clk 0:06:22]} 55. Rxe4 {[%clk 0:21:05]} Qc5+ {[%clk
0:04:08]} 56. Kf3 {[%clk 0:21:04]} Qa3+ {[%clk 0:04:36]} 57. Kf2 {[%clk 0:20:18]}
Qa2+ {[%clk 0:04:44]} 58. Re2 {[%clk 0:20:09]} Qa7+ {[%clk 0:05:11]} 59. Kf1
{[%clk 0:20:24]} Qa1+ {[%clk 0:05:38]} 60. Re1 {[%clk 0:20:37]} Qa8 {[%clk
0:05:53]} 61. e8Q {[%clk 0:19:58]} 1/2-1/2

[Event "LOTTO Polish Championship"]
[Site "chess24.com"]
[Date "2019.05.17"]
[Round "7"]
[White "Tomczak, Jacek"]
[Black "Dragun, Kamil"]
[Result "1/2-1/2"]
[Board "4"]
[WhiteElo "2631"]
[WhiteTitle "GM"]
[WhiteCountry "POL"]
[WhiteFideId "1124668"]
[WhiteEloChange "-1"]
[BlackElo "2591"]
[BlackTitle "GM"]
[BlackCountry "POL"]
[BlackFideId "1134167"]
[BlackEloChange "1"]

1. e4 {[%clk 1:30:57]} c6 {[%clk 1:30:56]} 2. Nc3 {[%clk 1:30:59]} d5 {[%clk
1:31:19]} 3. Nf3 {[%clk 1:31:22]} dxe4 {[%clk 1:31:28]} 4. Nxe4 {[%clk 1:31:35]}
Nf6 {[%clk 1:31:54]} 5. Nxf6+ {[%clk 1:31:56]} exf6 {[%clk 1:32:07]} 6. d4 {[%clk
1:31:15]} Bd6 {[%clk 1:32:20]} 7. Bd3 {[%clk 1:29:59]} O-O {[%clk 1:31:55]} 8.
O-O {[%clk 1:29:26]} Re8 {[%clk 1:32:22]} 9. c3 {[%clk 1:21:18]} Nd7 {[%clk
1:31:02]} 10. Qc2 {[%clk 1:17:13]} Nf8 {[%clk 1:30:51]} 11. Bf5 {[%clk 1:12:52]}
Qa5 {[%clk 1:26:30]} 12. Bxc8 {[%clk 1:11:38]} Raxc8 {[%clk 1:26:51]} 13. Bd2
{[%clk 1:08:03]} Ne6 {[%clk 1:12:49]} 14. Rfe1 {[%clk 1:00:59]} Qh5 {[%clk
1:13:01]} 15. h3 {[%clk 0:59:27]} g5 {[%clk 1:09:01]} 16. Qb3 {[%clk 0:43:06]} b6
{[%clk 1:03:43]} 17. d5 {[%clk 0:38:41]} cxd5 {[%clk 1:04:02]} 18. Qxd5 {[%clk
0:38:52]} Red8 {[%clk 1:04:12]} 19. Qf5 {[%clk 0:19:45]} Qg6 {[%clk 1:04:12]} 20.
Qxg6+ {[%clk 0:20:09]} hxg6 {[%clk 1:04:35]} 21. Be3 {[%clk 0:20:23]} Bc5 {[%clk
1:03:03]} 22. Bxc5 {[%clk 0:16:11]} Rxc5 {[%clk 1:03:00]} 23. Rad1 {[%clk
0:15:42]} Rcd5 {[%clk 1:03:12]} 24. Rxd5 {[%clk 0:15:41]} Rxd5 {[%clk 1:03:41]}
25. g3 {[%clk 0:14:25]} Kg7 {[%clk 1:01:15]} 26. Re2 {[%clk 0:12:57]} Rd1+ {[%clk
0:58:18]} 27. Re1 {[%clk 0:13:05]} Rd5 {[%clk 0:58:29]} 28. Re2 {[%clk 0:13:21]}
Rd1+ {[%clk 0:58:55]} 29. Re1 {[%clk 0:13:47]} Rd5 {[%clk 0:59:21]} 30. Re2
{[%clk 0:13:47]} 1/2-1/2

[Event "LOTTO Polish Championship"]
[Site "chess24.com"]
[Date "2019.05.17"]
[Round "7"]
[White "Heberla, Bartlomiej"]
[Black "Sadzikowski, Daniel"]
[Result "1-0"]
[Board "5"]
[WhiteElo "2556"]
[WhiteTitle "GM"]
[WhiteCountry "POL"]
[WhiteFideId "1115120"]
[WhiteEloChange "5"]
[BlackElo "2522"]
[BlackTitle "GM"]
[BlackCountry "POL"]
[BlackFideId "1132253"]
[BlackEloChange "-5"]

1. e4 {[%clk 1:30:59]} e6 {[%clk 1:30:55]} 2. d4 {[%clk 1:30:12]} d5 {[%clk
1:31:20]} 3. e5 {[%clk 1:29:34]} c5 {[%clk 1:31:45]} 4. c3 {[%clk 1:30:02]} Nc6
{[%clk 1:32:11]} 5. Nf3 {[%clk 1:30:26]} Qb6 {[%clk 1:32:27]} 6. Na3 {[%clk
1:30:54]} cxd4 {[%clk 1:32:48]} 7. cxd4 {[%clk 1:31:21]} Bb4+ {[%clk 1:32:51]} 8.
Bd2 {[%clk 1:31:46]} Nge7 {[%clk 1:33:09]} 9. Nc2 {[%clk 1:13:27]} Bxd2+ {[%clk
1:33:34]} 10. Qxd2 {[%clk 1:13:54]} Qxb2 {[%clk 1:33:56]} 11. Bd3 {[%clk
1:14:17]} Qb6 {[%clk 1:34:24]} 12. O-O {[%clk 1:14:39]} h6 {[%clk 1:34:52]} 13.
Rab1 {[%clk 1:11:59]} Qc7 {[%clk 1:33:44]} 14. Ne3 {[%clk 1:06:05]} Bd7 {[%clk
1:17:12]} 15. Rfc1 {[%clk 1:06:03]} Rc8 {[%clk 1:15:26]} 16. Rb3 {[%clk 0:57:33]}
Qb8 {[%clk 1:12:12]} 17. h4 {[%clk 0:45:14]} Nd8 {[%clk 0:57:26]} 18. Rcb1 {[%clk
0:35:54]} Qc7 {[%clk 0:47:28]} 19. Nf1 {[%clk 0:30:30]} Nec6 {[%clk 0:40:44]} 20.
Rc1 {[%clk 0:22:29]} Qa5 {[%clk 0:31:57]} 21. Rcc3 {[%clk 0:19:44]} a6 {[%clk
0:30:14]} 22. Ng3 {[%clk 0:19:19]} g6 {[%clk 0:25:01]} 23. Qf4 {[%clk 0:18:13]}
Ne7 {[%clk 0:25:24]} 24. Qf6 {[%clk 0:15:45]} Rf8 {[%clk 0:25:49]} 25. Rxc8
{[%clk 0:15:14]} Bxc8 {[%clk 0:26:16]} 26. Bb1 {[%clk 0:14:47]} Bd7 {[%clk
0:23:30]} 27. h5 {[%clk 0:10:39]} Ba4 {[%clk 0:19:26]} 28. Re3 {[%clk 0:09:16]}
Qb4 {[%clk 0:16:25]} 29. Bd3 {[%clk 0:03:37]} Bb5 {[%clk 0:16:42]} 30. Bxb5+
{[%clk 0:03:19]} Qxb5 {[%clk 0:13:53]} 31. Rc3 {[%clk 0:02:44]} Qb1+ {[%clk
0:07:17]} 32. Kh2 {[%clk 0:03:12]} Nec6 {[%clk 0:07:23]} 33. Qg7 {[%clk 0:02:43]}
Qb2 {[%clk 0:04:51]} 34. Rd3 {[%clk 0:02:53]} Qb1 {[%clk 0:05:12]} 35. Rd2 {[%clk
0:03:02]} Ne7 {[%clk 0:03:04]} 36. Qxh6 {[%clk 0:03:17]} Nf5 {[%clk 0:03:21]} 37.
Qh7 {[%clk 0:02:42]} Nxg3 {[%clk 0:02:58]} 38. fxg3 {[%clk 0:03:10]} Nc6 {[%clk
0:02:14]} 39. h6 {[%clk 0:02:28]} Ne7 {[%clk 0:01:25]} 40. g4 {[%clk 0:31:17]}
Qe4 {[%clk 0:31:12]} 41. Kg3 {[%clk 0:25:47]} b5 {[%clk 0:12:04]} 42. Rd1 {[%clk
0:19:18]} Qc2 {[%clk 0:08:09]} 43. Rh1 {[%clk 0:18:17]} f5 {[%clk 0:04:54]} 44.
exf6 {[%clk 0:18:14]} Qc7+ {[%clk 0:05:19]} 45. Kh3 {[%clk 0:11:22]} Rxf6 {[%clk
0:05:45]} 46. Qg7 {[%clk 0:10:27]} Rf7 {[%clk 0:03:51]} 47. Qe5 {[%clk 0:10:45]}
Qxe5 {[%clk 0:02:11]} 48. Nxe5 {[%clk 0:11:03]} g5 {[%clk 0:01:02]} 49. Nxf7
{[%clk 0:11:07]} Kxf7 {[%clk 0:01:30]} 50. Rc1 {[%clk 0:10:20]} 1-0

[Event "LOTTO Polish Championship"]
[Site "chess24.com"]
[Date "2019.05.18"]
[Round "8"]
[White "Piorun, Kacper"]
[Black "Sadzikowski, Daniel"]
[Result "1/2-1/2"]
[Board "1"]
[WhiteElo "2657"]
[WhiteTitle "GM"]
[WhiteCountry "POL"]
[WhiteFideId "1130420"]
[WhiteEloChange "-2"]
[BlackElo "2522"]
[BlackTitle "GM"]
[BlackCountry "POL"]
[BlackFideId "1132253"]
[BlackEloChange "2"]

1. e4 {[%clk 1:30:41]} c6 {[%clk 1:30:55]} 2. d4 {[%clk 1:30:58]} d5 {[%clk
1:31:20]} 3. exd5 {[%clk 1:30:56]} cxd5 {[%clk 1:31:41]} 4. Nf3 {[%clk 1:31:20]}
Nf6 {[%clk 1:30:35]} 5. c3 {[%clk 1:31:25]} Nc6 {[%clk 0:56:15]} 6. Bf4 {[%clk
1:31:24]} g6 {[%clk 0:54:47]} 7. Bd3 {[%clk 1:29:59]} Bf5 {[%clk 0:54:57]} 8.
Bxf5 {[%clk 1:27:41]} gxf5 {[%clk 0:55:16]} 9. O-O {[%clk 1:24:08]} e6 {[%clk
0:55:32]} 10. Ne1 {[%clk 1:20:45]} Bd6 {[%clk 0:54:24]} 11. Qf3 {[%clk 1:15:03]}
Bxf4 {[%clk 0:48:45]} 12. Qxf4 {[%clk 1:15:28]} Rg8 {[%clk 0:49:12]} 13. Nd2
{[%clk 1:04:33]} Rg4 {[%clk 0:49:18]} 14. Qf3 {[%clk 1:01:50]} Qc7 {[%clk
0:44:06]} 15. g3 {[%clk 0:52:56]} O-O-O {[%clk 0:43:28]} 16. Ng2 {[%clk 0:53:23]}
Rdg8 {[%clk 0:42:06]} 17. h3 {[%clk 0:48:45]} R4g5 {[%clk 0:40:42]} 18. Rfe1
{[%clk 0:45:07]} Ne4 {[%clk 0:37:38]} 19. Nxe4 {[%clk 0:41:22]} fxe4 {[%clk
0:38:06]} 20. Qf4 {[%clk 0:36:41]} e5 {[%clk 0:37:56]} 21. Qe3 {[%clk 0:36:54]}
f5 {[%clk 0:36:23]} 22. dxe5 {[%clk 0:35:24]} Nxe5 {[%clk 0:36:38]} 23. Nf4
{[%clk 0:34:59]} Nd3 {[%clk 0:33:21]} 24. Nxd3 {[%clk 0:33:34]} Rxg3+ {[%clk
0:33:31]} 25. fxg3 {[%clk 0:34:00]} Rxg3+ {[%clk 0:33:55]} 26. Kh1 {[%clk
0:33:34]} Rxe3 {[%clk 0:34:14]} 27. Rxe3 {[%clk 0:34:03]} f4 {[%clk 0:30:12]} 28.
Nxf4 {[%clk 0:33:55]} Qxf4 {[%clk 0:30:33]} 29. Rae1 {[%clk 0:34:21]} b5 {[%clk
0:27:28]} 30. b3 {[%clk 0:29:11]} Kc7 {[%clk 0:18:47]} 31. Kg2 {[%clk 0:26:30]}
Qg5+ {[%clk 0:17:54]} 32. Kf2 {[%clk 0:26:44]} Qf6+ {[%clk 0:18:03]} 33. Kg2
{[%clk 0:25:53]} Qa6 {[%clk 0:18:02]} 34. R1e2 {[%clk 0:25:35]} Kd6 {[%clk
0:15:17]} 35. Rg3 {[%clk 0:19:39]} Ke6 {[%clk 0:15:18]} 36. b4 {[%clk 0:17:35]}
Qc8 {[%clk 0:14:14]} 37. Rd2 {[%clk 0:17:07]} Qd8 {[%clk 0:11:10]} 38. Rf2 {[%clk
0:16:02]} a5 {[%clk 0:09:01]} 39. a3 {[%clk 0:15:11]} axb4 {[%clk 0:06:21]} 40.
axb4 {[%clk 0:45:33]} d4 {[%clk 0:36:23]} 41. cxd4 {[%clk 0:34:02]} Qxd4 {[%clk
0:36:32]} 42. Rg5 {[%clk 0:33:15]} Qxb4 {[%clk 0:33:51]} 43. Ra2 {[%clk 0:33:44]}
Qc4 {[%clk 0:29:17]} 44. Ra6+ {[%clk 0:33:17]} Kf7 {[%clk 0:29:37]} 45. Rf5+
{[%clk 0:29:37]} Ke7 {[%clk 0:29:53]} 46. Re5+ {[%clk 0:29:48]} Kd7 {[%clk
0:29:57]} 47. Rg5 {[%clk 0:30:13]} Qc3 {[%clk 0:20:03]} 48. Kh2 {[%clk 0:29:08]}
Kc7 {[%clk 0:11:17]} 49. Rg7+ {[%clk 0:22:51]} Kb8 {[%clk 0:11:45]} 50. Rb6+
{[%clk 0:23:09]} Kc8 {[%clk 0:12:07]} 51. Rg8+ {[%clk 0:23:22]} Kc7 {[%clk
0:12:03]} 52. Rxb5 {[%clk 0:23:40]} e3 {[%clk 0:07:12]} 53. Rg2 {[%clk 0:23:57]}
Kc6 {[%clk 0:07:19]} 54. Rbb2 {[%clk 0:23:53]} Qe5+ {[%clk 0:07:03]} 55. Kg1
{[%clk 0:24:18]} Kc5 {[%clk 0:06:36]} 56. Ra2 {[%clk 0:24:30]} Qe7 {[%clk
0:05:34]} 57. Kh2 {[%clk 0:24:33]} Kc4 {[%clk 0:05:33]} 58. Rac2+ {[%clk
0:24:48]} Kd3 {[%clk 0:05:46]} 59. Ra2 {[%clk 0:25:15]} h5 {[%clk 0:05:15]} 60.
Rab2 {[%clk 0:25:37]} Qe5+ {[%clk 0:05:29]} 61. Kg1 {[%clk 0:25:55]} Qe6 {[%clk
0:04:15]} 62. Kh2 {[%clk 0:26:15]} Qe5+ {[%clk 0:02:46]} 1/2-1/2

[Event "LOTTO Polish Championship"]
[Site "chess24.com"]
[Date "2019.05.18"]
[Round "8"]
[White "Dragun, Kamil"]
[Black "Heberla, Bartlomiej"]
[Result "1/2-1/2"]
[Board "2"]
[WhiteElo "2591"]
[WhiteTitle "GM"]
[WhiteCountry "POL"]
[WhiteFideId "1134167"]
[WhiteEloChange "-1"]
[BlackElo "2556"]
[BlackTitle "GM"]
[BlackCountry "POL"]
[BlackFideId "1115120"]
[BlackEloChange "1"]

1. c4 {[%clk 1:30:57]} g6 {[%clk 1:30:12]} 2. g3 {[%clk 1:31:02]} Bg7 {[%clk
1:30:36]} 3. Bg2 {[%clk 1:31:24]} e5 {[%clk 1:30:06]} 4. Nc3 {[%clk 1:31:15]} d6
{[%clk 1:30:18]} 5. d3 {[%clk 1:30:44]} Nc6 {[%clk 1:23:58]} 6. e4 {[%clk
1:30:54]} Be6 {[%clk 1:21:21]} 7. Nge2 {[%clk 1:30:37]} Qd7 {[%clk 1:21:43]} 8.
Nd5 {[%clk 1:29:39]} Nce7 {[%clk 1:13:55]} 9. h4 {[%clk 1:17:26]} c6 {[%clk
1:13:18]} 10. Ne3 {[%clk 1:17:54]} f5 {[%clk 1:02:36]} 11. h5 {[%clk 1:12:53]}
gxh5 {[%clk 1:01:53]} 12. exf5 {[%clk 1:03:35]} Nxf5 {[%clk 1:02:12]} 13. Nxf5
{[%clk 1:03:52]} Bxf5 {[%clk 1:02:40]} 14. Bg5 {[%clk 1:03:49]} Nf6 {[%clk
0:58:27]} 15. Bxf6 {[%clk 1:01:56]} Bxf6 {[%clk 0:57:23]} 16. Rxh5 {[%clk
1:02:09]} O-O-O {[%clk 0:31:32]} 17. Qd2 {[%clk 1:02:03]} Kb8 {[%clk 0:28:37]}
18. O-O-O {[%clk 1:01:49]} d5 {[%clk 0:25:50]} 19. cxd5 {[%clk 0:59:44]} cxd5
{[%clk 0:25:07]} 20. Kb1 {[%clk 1:00:00]} Bg6 {[%clk 0:22:26]} 21. Rhh1 {[%clk
0:56:19]} Qe7 {[%clk 0:20:30]} 22. Ka1 {[%clk 0:53:22]} Rd6 {[%clk 0:20:52]} 23.
f4 {[%clk 0:48:34]} Rc8 {[%clk 0:05:22]} 24. fxe5 {[%clk 0:34:37]} Qxe5 {[%clk
0:05:50]} 25. d4 {[%clk 0:34:00]} Qe7 {[%clk 0:05:44]} 26. Rc1 {[%clk 0:32:28]}
Rxc1+ {[%clk 0:05:46]} 27. Rxc1 {[%clk 0:32:54]} Bg5 {[%clk 0:03:13]} 28. Nf4
{[%clk 0:33:22]} a6 {[%clk 0:02:36]} 29. Re1 {[%clk 0:24:41]} Qc7 {[%clk
0:02:47]} 30. Qe3 {[%clk 0:21:34]} Ka7 {[%clk 0:02:12]} 31. a3 {[%clk 0:17:01]}
Qc2 {[%clk 0:02:27]} 32. Qc3 {[%clk 0:13:58]} Bxf4 {[%clk 0:01:04]} 33. Qxc2
{[%clk 0:14:24]} Bxc2 {[%clk 0:01:31]} 34. gxf4 {[%clk 0:14:51]} Rf6 {[%clk
0:01:16]} 35. Bxd5 {[%clk 0:13:08]} Rxf4 {[%clk 0:01:14]} 36. Re7 {[%clk
0:13:36]} Rxd4 {[%clk 0:01:03]} 37. Rxb7+ {[%clk 0:12:37]} Ka8 {[%clk 0:01:32]}
38. Bc6 {[%clk 0:12:48]} Rd1+ {[%clk 0:00:42]} 39. Ka2 {[%clk 0:13:13]} Bb1+
{[%clk 0:00:34]} 40. Kb3 {[%clk 0:43:43]} Rc1 {[%clk 0:30:42]} 41. Rb6+ {[%clk
0:36:03]} Ka7 {[%clk 0:31:00]} 42. Rb7+ {[%clk 0:36:29]} Ka8 {[%clk 0:31:28]} 43.
Rb6+ {[%clk 0:36:54]} 1/2-1/2

[Event "LOTTO Polish Championship"]
[Site "chess24.com"]
[Date "2019.05.18"]
[Round "8"]
[White "Gajewski, Grzegorz"]
[Black "Tomczak, Jacek"]
[Result "1/2-1/2"]
[Board "3"]
[WhiteElo "2613"]
[WhiteTitle "GM"]
[WhiteCountry "POL"]
[WhiteFideId "1116207"]
[BlackElo "2631"]
[BlackTitle "GM"]
[BlackCountry "POL"]
[BlackFideId "1124668"]

1. d4 {[%clk 1:30:56]} d5 {[%clk 1:30:53]} 2. c4 {[%clk 1:31:10]} dxc4 {[%clk
1:31:15]} 3. e4 {[%clk 1:31:37]} Nf6 {[%clk 1:31:39]} 4. e5 {[%clk 1:32:03]} Nd5
{[%clk 1:32:04]} 5. Bxc4 {[%clk 1:32:30]} Bf5 {[%clk 1:32:20]} 6. Nc3 {[%clk
1:32:39]} e6 {[%clk 1:08:04]} 7. Nxd5 {[%clk 1:31:44]} exd5 {[%clk 1:08:20]} 8.
Bb3 {[%clk 1:28:20]} c5 {[%clk 0:58:43]} 9. dxc5 {[%clk 1:22:13]} Nc6 {[%clk
0:58:09]} 10. Nf3 {[%clk 1:19:54]} Bxc5 {[%clk 0:57:19]} 11. O-O {[%clk 1:19:16]}
O-O {[%clk 0:56:42]} 12. Qxd5 {[%clk 1:15:41]} Qb6 {[%clk 0:39:21]} 13. Bg5
{[%clk 1:13:47]} Na5 {[%clk 0:37:23]} 14. Rac1 {[%clk 0:53:22]} Nxb3 {[%clk
0:33:41]} 15. Qxb3 {[%clk 0:53:46]} Qxb3 {[%clk 0:34:04]} 16. axb3 {[%clk
0:54:14]} Rac8 {[%clk 0:29:49]} 17. Be3 {[%clk 0:52:14]} Bxe3 {[%clk 0:30:00]}
18. fxe3 {[%clk 0:52:41]} Rfe8 {[%clk 0:22:05]} 19. Nd4 {[%clk 0:28:01]} Bd7
{[%clk 0:17:21]} 20. b4 {[%clk 0:23:37]} h6 {[%clk 0:15:42]} 21. Kf2 {[%clk
0:19:27]} Rxe5 {[%clk 0:15:16]} 22. Rxc8+ {[%clk 0:19:50]} Bxc8 {[%clk 0:15:42]}
23. Rc1 {[%clk 0:19:58]} Bf5 {[%clk 0:15:30]} 24. Rc7 {[%clk 0:16:52]} Be4 {[%clk
0:15:25]} 25. Rc8+ {[%clk 0:17:17]} Kh7 {[%clk 0:15:51]} 26. b5 {[%clk 0:11:30]}
a6 {[%clk 0:12:46]} 27. bxa6 {[%clk 0:09:49]} bxa6 {[%clk 0:13:13]} 28. Rc7
{[%clk 0:08:47]} Rg5 {[%clk 0:13:34]} 29. g3 {[%clk 0:09:05]} Ra5 {[%clk
0:13:43]} 30. Re7 {[%clk 0:07:49]} Bg6 {[%clk 0:12:31]} 31. g4 {[%clk 0:06:48]}
Ra2 {[%clk 0:10:52]} 32. Rb7 {[%clk 0:06:55]} Be4 {[%clk 0:11:14]} 33. Rb6 {[%clk
0:05:51]} Bd3 {[%clk 0:05:45]} 34. Rb3 {[%clk 0:05:04]} Bc4 {[%clk 0:05:22]} 35.
Rb4 {[%clk 0:05:30]} Bd5 {[%clk 0:05:28]} 36. Ne2 {[%clk 0:05:35]} a5 {[%clk
0:04:58]} 37. Rb6 {[%clk 0:04:54]} Bc4 {[%clk 0:04:44]} 38. Nc3 {[%clk 0:04:51]}
Ra1 {[%clk 0:05:09]} 39. b4 {[%clk 0:02:14]} a4 {[%clk 0:01:51]} 40. Rc6 {[%clk
0:32:11]} Be6 {[%clk 0:31:13]} 41. Ra6 {[%clk 0:16:08]} a3 {[%clk 0:10:32]} 42.
b5 {[%clk 0:16:37]} a2 {[%clk 0:10:36]} 43. b6 {[%clk 0:17:03]} Rh1 {[%clk
0:08:32]} 44. h4 {[%clk 0:16:25]} Bc4 {[%clk 0:03:44]} 45. Ra4 {[%clk 0:13:20]}
Rf1+ {[%clk 0:03:18]} 46. Kg3 {[%clk 0:13:49]} Rb1 {[%clk 0:03:29]} 1/2-1/2

[Event "LOTTO Polish Championship"]
[Site "chess24.com"]
[Date "2019.05.18"]
[Round "8"]
[White "Gumularz, Szymon"]
[Black "Janik, Igor"]
[Result "0-1"]
[Board "4"]
[WhiteElo "2483"]
[WhiteTitle "IM"]
[WhiteCountry "POL"]
[WhiteFideId "1188062"]
[WhiteEloChange "-5"]
[BlackElo "2469"]
[BlackTitle "IM"]
[BlackCountry "POL"]
[BlackFideId "1159259"]
[BlackEloChange "5"]

1. c4 {[%clk 1:30:52]} Nf6 {[%clk 1:30:44]} 2. Nc3 {[%clk 1:31:14]} e5 {[%clk
1:30:27]} 3. Nf3 {[%clk 1:30:40]} Nc6 {[%clk 1:30:49]} 4. g3 {[%clk 1:30:48]} Bb4
{[%clk 1:30:50]} 5. Bg2 {[%clk 1:31:05]} Bxc3 {[%clk 1:31:12]} 6. bxc3 {[%clk
1:31:09]} O-O {[%clk 1:31:20]} 7. O-O {[%clk 1:30:58]} d6 {[%clk 1:31:31]} 8. d3
{[%clk 1:30:09]} e4 {[%clk 1:28:46]} 9. Nd4 {[%clk 1:22:38]} Ne5 {[%clk 1:28:27]}
10. dxe4 {[%clk 1:13:29]} Nxc4 {[%clk 1:28:34]} 11. Qd3 {[%clk 1:13:36]} Ne5
{[%clk 1:27:42]} 12. Qc2 {[%clk 1:13:53]} Re8 {[%clk 1:19:39]} 13. Rd1 {[%clk
1:13:48]} Bd7 {[%clk 1:19:55]} 14. Rb1 {[%clk 1:13:06]} Qc8 {[%clk 1:17:15]} 15.
Bg5 {[%clk 1:01:53]} Nfg4 {[%clk 1:17:20]} 16. Nf5 {[%clk 0:55:04]} h6 {[%clk
1:09:58]} 17. Bc1 {[%clk 0:49:23]} b6 {[%clk 1:04:50]} 18. h3 {[%clk 0:40:57]}
Nf6 {[%clk 1:04:33]} 19. g4 {[%clk 0:36:13]} Qa6 {[%clk 1:00:16]} 20. Rd4 {[%clk
0:35:13]} Bc6 {[%clk 0:48:42]} 21. g5 {[%clk 0:28:14]} hxg5 {[%clk 0:48:55]} 22.
Bxg5 {[%clk 0:28:37]} Nh7 {[%clk 0:48:58]} 23. Bf4 {[%clk 0:22:53]} Nf8 {[%clk
0:48:44]} 24. Bg3 {[%clk 0:18:50]} Ne6 {[%clk 0:47:40]} 25. Rdb4 {[%clk 0:17:30]}
Nc5 {[%clk 0:46:32]} 26. Qd2 {[%clk 0:16:58]} f6 {[%clk 0:44:08]} 27. Kh2 {[%clk
0:13:08]} Qb7 {[%clk 0:35:20]} 28. Rg1 {[%clk 0:11:54]} Ne6 {[%clk 0:33:01]} 29.
Bh1 {[%clk 0:11:07]} Kf7 {[%clk 0:31:26]} 30. Bxe5 {[%clk 0:07:32]} dxe5 {[%clk
0:31:49]} 31. Nxg7 {[%clk 0:06:04]} Nxg7 {[%clk 0:32:10]} 32. Qh6 {[%clk
0:06:27]} Rg8 {[%clk 0:32:25]} 33. Rg6 {[%clk 0:04:56]} Ne8 {[%clk 0:31:45]} 34.
Rxg8 {[%clk 0:01:53]} Kxg8 {[%clk 0:32:14]} 35. Rb1 {[%clk 0:02:12]} Bxe4 {[%clk
0:30:01]} 36. Rg1+ {[%clk 0:01:57]} Kf7 {[%clk 0:30:29]} 37. f3 {[%clk 0:02:13]}
Bc6 {[%clk 0:23:45]} 38. Qh7+ {[%clk 0:00:46]} Ke6 {[%clk 0:24:15]} 39. Qg8+
{[%clk 0:01:03]} Ke7 {[%clk 0:24:04]} 40. Qh7+ {[%clk 0:30:59]} Kd8 {[%clk
0:49:42]} 41. h4 {[%clk 0:17:25]} Qa6 {[%clk 0:48:25]} 42. h5 {[%clk 0:13:29]}
Kc8 {[%clk 0:47:50]} 43. h6 {[%clk 0:11:48]} Qxe2+ {[%clk 0:45:40]} 44. Rg2
{[%clk 0:11:57]} Qxf3 {[%clk 0:45:44]} 45. Qg6 {[%clk 0:11:59]} Kb7 {[%clk
0:45:42]} 46. h7 {[%clk 0:11:56]} Nd6 {[%clk 0:46:05]} 47. Qg8 {[%clk 0:12:02]}
Qh5+ {[%clk 0:45:43]} 48. Kg1 {[%clk 0:12:23]} Nf7 {[%clk 0:45:49]} 0-1